000 00825nam a2200265Ia 4500
003 OSt
005 20220926004924.0
006 a|||||r|||| 00| 0
007 ta
008 220923b |||||||| |||| 00| 0 eng d
020 _a8178290227
037 _cGeneral Book
040 _aRTL
_cRTL
_beng
041 _2eng
_aeng
082 _aX9(J3):54, P2
100 _aShiva Vandana Ed.
_9309497
245 0 _aSustainable agriculture and food security
_b The imp
260 _a New Delhi
_bSage India
_c2002
300 _a513p. Bib chapterwise
_ccm.
490 _aResearch Foundation for Science Technology and Ecology
650 _aFood Industry
700 _a Bedi Ditanjali Ed.
_9309498
942 _hX9(J3):54, P2
_cGB
_2CC
999 _c612617
_d612617